| 000 | 01197nam a22002657a 4500 | ||
|---|---|---|---|
| 003 | DO-CoUTE | ||
| 005 | 20240105100044.0 | ||
| 008 | 240105b dr ||||| |||| 00| 0 spa d | ||
| 040 |
_aDO-CoUTE _bspa _cDO-CoUTE |
||
| 041 | _aspa | ||
| 092 | _aEDU-EF 2023 S15 | ||
| 100 | 1 |
_aSánchez Hilario, Félix Manuel _esustentante |
|
| 245 | 1 | 0 |
_aEstrategias implementadas en la gestión de aula / _cFélix Manuel Sánchez Hilario, Jhovany González Bautista, Arianny Jhosefina López Fructuoso ; asesor Antonio Delgado |
| 260 |
_aCotuí, República Dominicana : _bUTECO, _c2023 |
||
| 300 |
_aiv, 25 hojas : _bFotos ; _c28cm. |
||
| 502 | _aTrabajo de grado (Licenciatura en Educación Física)--Universidad Tecnológica del Cibao Oriental, 2023 | ||
| 504 | _aIncluye referencia bibliográfica e índice | ||
| 650 | _aImplementadas en la gestión de aula | ||
| 700 | 1 |
_aGonzález Bautista, Jhovany _esustentante |
|
| 700 | 1 |
_aLópez Fructuoso, Arianny Jhosefina _esustentante |
|
| 700 | 1 |
_aDelgado, Antonio _easesor |
|
| 830 | _aTesis y disertaciones académicas (Universidad Tecnológica del Cibao Oriental) | ||
| 856 | _yHaga Click Aquí para Descargar en Texto Completo | ||
| 942 |
_2ddc _cTH |
||
| 999 |
_c23334 _d23334 |
||